000 00657nam a2200205Ia 4500
003 IN-BaIIA
008 211028s9999 xx 000 0 eng d
020 _a0-387-98728-2
040 _cIIA Library
080 _a530.145
_bMET
100 _aMetcalf, H. J
_924452
245 0 _aLaser cooling and trapping
_cH. J. Metcalf and P. van der Straten
260 _aNew York
_bSpringer-Verlag
_c1999
300 _axvi, 323p.
490 _aGraduate texts in contemporary physics
650 _aElectromagnetic interaction
_924453
650 _aQuantum mechanics
700 _avan der Straten, P
_924454
942 _cBK
999 _c13961
_d13961